Normale Ansicht MARC-Ansicht ISBD

Global Histories of Work (Titelsatznr. 40976)

[ MARC ]
MARC-Details
000 -Satzkennung
Kontrollfeld mit fester Länge 01082nam a22003731c 4500
001 - Kontrollnummer
Kontrollfeld ciando2192951
008 - Feld mit fester Länge zur physischen Beschreibung - Allgemeine Angaben
Kontrollfeld mit fester Länge 161118s2016 gw |||| 000u eng d
020 ## - Internationale Standardbuchnummer
Internationale Standardbuchnummer 9783110434460
041 ## - Sprachcode
Sprachcode des Textes/der Tonspur oder des separaten Titels eng
040 ## - Katalogisierungsquelle
Übertragungsstelle RU-10907106
003 - Kontrollnummer Identifier
Kontrollfeld RU-10907106
100 1# - Haupteintragung - Personenname
Personenname Eckert, Andreas
245 00 - Titel
Titel Global Histories of Work
250 ## - Ausgabebezeichnung
Ausgabebezeichnung 1. Aufl.
264 ## - Produktion, Veröffentlichung, Distribution, Herstellung und Urheberrechtsvermerk
Herstellungs-, Veröffentlichungs- Vertriebs-, Erzeugungsort [s.l.] :
Produzent, Herausgeber, Distributor, Hersteller De Gruyter Oldenbourg,
Datum der Herstellung, der Veröffentlichung, des Vertriebs oder des Urheberschutzvermerks 2016
300 ## - Physische Beschreibung
Umfang 374 Seiten
336 ## - Inhaltstyp
Inhaltstypterm Text
Inhaltstypcode txt
Quelle rdacontent
337 ## - Medientyp
Bezeichnung des Medientyps Computermedien
Medientypcode c
Quelle rdamedia
338 ## - Datenträgertyp
Datenträgertypbezeichnung Online-Ressource
Datenträgertypcode cr
Quelle rdacarrier
500 ## - Allgemeine Fußnote
Allgemeine Fußnote E-Book-Ciando / Zugriff im DHI-Lesesaal, Fernzugriff für registrierte Nutzer
650 #0 - Nebeneintragung unter einem Schlagwort - Sachschlagwort
Sachschlagwort oder geografischer Name als Eintragungselement Arbeit
650 #0 - Nebeneintragung unter einem Schlagwort - Sachschlagwort
Sachschlagwort oder geografischer Name als Eintragungselement Globalisierung
650 #0 - Nebeneintragung unter einem Schlagwort - Sachschlagwort
Sachschlagwort oder geografischer Name als Eintragungselement Rechtsgeschichte
650 #0 - Nebeneintragung unter einem Schlagwort - Sachschlagwort
Sachschlagwort oder geografischer Name als Eintragungselement Historiographie
651 #0 - Nebeneintragung unter einem Schlagwort - Geografischer Name
Geografischer Name Russland
651 #0 - Nebeneintragung unter einem Schlagwort - Geografischer Name
Geografischer Name Indien
651 #0 - Nebeneintragung unter einem Schlagwort - Geografischer Name
Geografischer Name Brasilien
651 #0 - Nebeneintragung unter einem Schlagwort - Geografischer Name
Geografischer Name Südafrika
655 #0 - Indexierungsterm - Genre/Form
Genre/Form oder fokussierter Term
655 #0 - Indexierungsterm - Genre/Form
Genre/Form oder fokussierter Term
655 #0 - Indexierungsterm - Genre/Form
Genre/Form oder fokussierter Term Fernzugriff
856 4# - Elektronische Adresse und Zugriff
URL <a href="http://dgia.ciando.com/shop/book/short/index.cfm?fuseaction=short&bok_id=2192951">http://dgia.ciando.com/shop/book/short/index.cfm?fuseaction=short&bok_id=2192951</a>
942 ## - Zusätzliche Felder (Koha)
Koha-Medientyp E-Books
Exemplare
Ausgeschieden Verloren Beschädigt Nicht entleihbar Heimatbibliothek Aufenthaltsbibliothek Aufstellungsort Erwerbungsdatum Inventarnummer Signatur Barcode Letzte Aktivität Preis gültig von Koha-Medientyp
        MWN Osteuropa MWN Osteuropa Online-Ressource 18/11/2016 16-e00214 E-16-e00214 | W 10 B f Eck 40980 18/03/2021 22/03/2021 E-Books